000 00743nam a2200217 i 4500
001 bg
100 1 _aSANECKI, Leszek
245 1 0 _aGrunty budowlane. /
_cLeszek Sanecki ; Politechnika Krakowska im. Tadeusza Kościuszki
_nCz. 3,Laboratoryjne badania mechanicznych cech gruntów.
260 _aKraków :
_bPK,
_c1999.
300 _a106 s. :
_bfot., rys., wykr. ;
_c24 cm.
504 _aBibliogr. s. 105-106, normy s. 106.
521 _aSkrypt dla studentów wyższych szkół technicznych.
650 9 _aGrunt
_xklasyfikacja
650 9 _aMechanika gruntów
_xbudownictwo
655 _aPodręczniki akademickie
040 _cBPK
041 0 _apl
080 _a624.131(075.8)
942 _cKS
008 s pl f |000 0 pol
999 _c37862
_d37862
856 _uhttp://koha.tu.koszalin.pl/cgi-bin/koha/opac-detail.pl?biblionumber=37862
_yKatalog online BPK